000 00197nam a2200085 4500
001 1233696
005 20250925113918.0
245 _aANADOLU FIKRALARI
_cERDAL ÇAKICIOĞLU
260 _bAKVARYUM YAYINEVİ
999 _c1233696
_d1233696